| 000 | 01109nam a22002411a 4500 | ||
|---|---|---|---|
| 001 | 18844 | ||
| 003 | OSt | ||
| 005 | 20260204212423.0 | ||
| 008 | 181009s2018||||dr ||||||b||||||||||spa|| | ||
| 090 | _aEDU-CS 2018 J45 | ||
| 100 | 1 |
_aJiménez, Sarah Altagracia _esustentante |
|
| 245 | 1 | _aRecursos didácticos y tecnológicos para enseñanza de la historia/Sarah Altagracia Jiménez, Ramón Mejía Germosen y Armando Rafael Holguín. ; asesor Julio Antonio Mendoza | |
| 260 |
_aCotuí, República Dominicana : _bUTECO, _c2018 |
||
| 300 |
_axii, 94 hojas : _bIlustraciones ; _c28cm. |
||
| 502 | _aTrabajo de grado (Licenciatura en Educación, Mención Sociales)--Universidad Tecnológica del Cibao Oriental, 2018 | ||
| 504 | _aIncluye referencia bibliográfica e índice | ||
| 650 | 4 | _aRecursos didácticos y tecnológicos para enseñanza | |
| 700 | 1 |
_a Mejía Germosen, Ramón _esustentante |
|
| 700 | 1 |
_a Rafael Holguín, Armando _esustentante |
|
| 700 | 1 |
_a Antonio Mendoza, Julio _easesor |
|
| 830 | _aTesis y disertaciones académicas (Universidad Tecnológica del Cibao Oriental) | ||
| 942 |
_2LC _cTH |
||
| 999 |
_c18844 _d18844 |
||